| 000 | 00377cam a2200157ua 4500 | ||
|---|---|---|---|
| 041 |
_aeng _h |
||
| 082 |
_a635 _bJSN/HO |
||
| 100 | _ajanick, Jules. | ||
| 245 |
_aHorticultural Science / _cJules janick. _hTextual Documents |
||
| 250 |
_a3 / _b. |
||
| 260 |
_aDelhi : _bSurject Puldications , _c1979. |
||
| 300 | _a608 ; . | ||
| 504 | _a | ||
| 942 | _cBK | ||
| 999 |
_c3198 _d3198 |
||